| Поле | Инд. | ПП | Название | Значение |
|---|---|---|---|---|
| Тип записи | a | |||
| Библиографический уровень | m | |||
| 001 | Контрольный номер | 078137ed-e7aa-4d0d-8760-18bde9b60809 | ||
| 005 | Дата корректировки | 20180305095007.9 | ||
| 008 | Кодируемые данные | 950630s1995 rur 00000 rus d | ||
| 020 | c | Цена, тираж | 7918.00 | |
| 080 | a | Индекс УДК | 541.1(075.8) | |
| a | Индекс УДК | 541.18(075.8) | ||
| 084 | a | Индекс другой классификации/Индекс ББК | Г5я73-1 | |
| a | Индекс другой классификации/Индекс ББК | Г6я73-1 | ||
| 090 | a | Полочн. индекс | 541 | |
| x | Авторский знак | К89 | ||
| 100 | 1_ | a | Автор | Кузнецов Виктор Васильевич |
| 245 | 0_ | a | Заглавие | Физическая и коллоидная химия |
| b | Продолж. заглавия | [Учеб.-пособие для биол. спец. ун-тов] | ||
| c | Ответственность | В.В. Кузнецов, В.Ф. Усть-Качкинцев | ||
| 260 | 0_ | a | Место издания | Москва |
| b | Издательство | Высшая школа | ||
| c | Дата издания | 1976 | ||
| 300 | a | Объем | 277 с. | |
| 500 | a | Примечание | Библиогр.: с.267 (18 назв.). - Предм. указ.: с.268-273. | |
| 583 | a | Действие | Приписка 351 4.11.97 | |
| k | Исполнитель действия | Дар читателя | ||
| 650 | 04 | a | Основная рубрика | Физическая химия |
| x | Основная подрубрика | Учебники для вузов | ||
| 650 | 04 | a | Основная рубрика | Коллоидная химия |
| 653 | 0_ | a | Ключевые слова | Коллоидная химия |
| a | Ключевые слова | Учебники | ||
| a | Ключевые слова | Физическая химия | ||
| 700 | 2_ | a | Другие авторы | Усть-Качкинцев Виктор Федорович |
| e | Роль лиц | авт. | ||
| 852 | 41 | p | Инвентарный номер | 689072 |
| p | Инвентарный номер | 415379 | ||
| p | Инвентарный номер | 1060 - 40 экз. | ||
| t | Порядковый номер экземпляра | 43 | ||
| 888 | a | Бесплатные | ||
| 930 | a | Новая/Ретро | Учебники | |
| 952 | p | 351 7918.00 1 689072 | ||
| c | Вид литературы | К ру | ||
| 954 | a | Дата поступления на обработку | 04.11.97 | |
| 999 | a | Подразделение 2 | Фил3 |